| 000 | 01278nam a2200217 a 4500 | ||
|---|---|---|---|
| 005 | 20140310183407.0 | ||
| 008 | 121018s19uu xx 00 eng d | ||
| 020 | _a9781439103258 | ||
| 050 |
_aHF 5386 _b.J644 2009 |
||
| 100 | _aJohnson, Spencer | ||
| 245 |
_aPeaks and valleys : _bmaking good and bad times work for you - at work and in life / _cSpencer Johnson. |
||
| 260 |
_aNew York, United States : _bAtria Books, _c2009. |
||
| 300 |
_a103 p. : _c23 cm. |
||
| 500 | _aIncludes bibliographical references and index | ||
| 520 | _aA story of a young man who lives unhappily in a valley until he meets an old man who lives on a peak, and it changes his work and life forever. Initially, the young man does not realize he is talking with one of the most peaceful and successful people in the world. However, through a series of conversations and experiences that occur up on peaks and down in valleys, the young man comes to make some startling discoveries. Eventually, he comes to understand how he can use the old man's principles and practical tools in good and bad times, and becomes more calm and successful himself.--From publisher description | ||
| 521 | _aBSBA | ||
| 650 | _aSuccess in business | ||
| 650 | _aSuccess | ||
| 942 |
_cBK _2lcc _kFOR |
||
| 999 |
_c22430 _d22430 |
||